[Event "DSJ Weihnachtsturnier U20w 2020"]
[Site "https://play.chessbase.com/en/play?room=DSJWeihnachtU20w"]
[Date "2020.12.29"]
[Round "1"]
[White "Fischer, Darja"]
[Black "Schneider, Jana"]
[Result "0-1"]
[Termination "normal"]
[Board "1.1"]
[BlackTitle "FM"]
[WhiteElo "1559"]
[BlackElo "2272"]
[WhiteTeam "Karlsruher SF 1853"]
[BlackTeam "SC Bavaria Regensburg von 1881"]
[PlyCount "90"]
[WhiteFideId "16240898"]
[BlackFideId "12924997"]
[EventRounds "7"]
[EventType "team-swiss"]
[EventDate "2020.12.29"]

1. d4 {[%emt 0:00:18]} Nf6 {[%emt 0:00:11]} 2. c4 {[%emt 0:00:01]} e6 {[%emt 0:
00:02]} 3. Nc3 {[%emt 0:00:02]} Bb4 {[%emt 0:00:24]} 4. Bg5 {[%emt 0:00:03]}
O-O {[%emt 0:00:05]} 5. e3 {[%emt 0:00:02]} d5 {[%emt 0:00:05]} 6. Nf3 { [%emt
0:00:04]} h6 {[%emt 0:00:07]} 7. Bh4 {[%emt 0:00:01]} Nbd7 {[%emt 0:00: 04]} 8.
Bd3 {[%emt 0:00:02]} b6 {[%emt 0:00:38]} 9. O-O {[%emt 0:00:09]} Bb7 { [%emt
0:00:04]} 10. cxd5 {[%emt 0:00:04]} exd5 {[%emt 0:00:32]} 11. Qb3 { [%emt
0:00:11]} Be7 {[%emt 0:00:09]} 12. Ne5 {[%emt 0:00:14]} c5 {[%emt 0:00: 17]}
13. Nxd7 {[%emt 0:00:42]} Qxd7 {[%emt 0:00:08]} 14. dxc5 {[%emt 0:00:13]} bxc5
{[%emt 0:00:23]} 15. Bb5 {[%emt 0:00:27]} Qg4 {[%emt 0:00:25]} 16. Bxf6 { [%emt
0:00:30]} Bxf6 {[%emt 0:00:07]} 17. Nxd5 {[%emt 0:00:50]} Bxb2 {[%emt 0:
00:33]} 18. Rab1 {[%emt 0:00:40]} Be5 {[%emt 0:00:46]} 19. Rfd1 {[%emt 0:01:00]
} Rfd8 {[%emt 0:00:48]} 20. Bc4 {[%emt 0:00:52]} Rd7 {[%emt 0:00:56]} 21. Qc2 {
[%emt 0:00:49]} Bxh2+ {[%emt 0:00:50]} 22. Kxh2 {[%emt 0:00:13]} Qh5+ {[%emt 0:
00:01]} 23. Kg1 {[%emt 0:00:01]} Bxd5 {[%emt 0:00:02]} 24. Bxd5 {[%emt 0:00:45]
} Rxd5 {[%emt 0:00:03]} 25. Rxd5 {[%emt 0:00:04]} Qxd5 {[%emt 0:00:02]} 26. Rd1
{[%emt 0:00:01]} Qc6 {[%emt 0:00:19]} 27. Qc4 {[%emt 0:00:04]} Rb8 {[%emt 0:00:
17]} 28. Rd5 {[%emt 0:00:06]} Rb1+ {[%emt 0:00:05]} 29. Kh2 {[%emt 0:00:02]}
Qc7+ {[%emt 0:00:04]} 30. g3 {[%emt 0:00:02]} Rb2 {[%emt 0:00:04]} 31. Kg1 {
[%emt 0:00:08]} Qa5 {[%emt 0:00:04]} 32. Rxc5 {[%emt 0:00:13]} Qe1+ {[%emt 0:
00:28]} 33. Qf1 {[%emt 0:00:02]} Qd2 {[%emt 0:00:34]} 34. a4 {[%emt 0:00:16]}
Ra2 {[%emt 0:00:01]} 35. Rc4 {[%emt 0:00:05]} a5 {[%emt 0:00:06]} 36. Rd4 {
[%emt 0:00:03]} Qb2 {[%emt 0:00:10]} 37. Rf4 {[%emt 0:00:09]} Ra1 {[%emt 0:00:
10]} 38. Qxa1 {[%emt 0:00:06]} Qxa1+ {[%emt 0:00:01]} 39. Kg2 {[%emt 0:00:01]}
g5 {[%emt 0:00:04]} 40. Rd4 {[%emt 0:00:01]} Kg7 {[%emt 0:00:02]} 41. Kf3 {
[%emt 0:00:01]} Kf6 {[%emt 0:00:02]} 42. Re4 {[%emt 0:00:07]} Qd1+ {[%emt 0:00:
04]} 43. Kg2 {[%emt 0:00:02]} Qd5 {[%emt 0:00:02]} 44. Kf3 {[%emt 0:00:08]} g4+
{[%emt 0:00:06]} 45. Kf4 {[%emt 0:00:10]} Qf5# {[%emt 0:00:02]} 0-1

[Event "DSJ Weihnachtsturnier U20w 2020"]
[Site "https://play.chessbase.com/en/play?room=DSJWeihnachtU20w"]
[Date "2020.12.29"]
[Round "1"]
[White "Mütsch, Annmarie"]
[Black "Schulz, Hannah"]
[Result "1-0"]
[Termination "normal"]
[Board "1.2"]
[WhiteTitle "WIM"]
[WhiteElo "2236"]
[BlackElo "1539"]
[WhiteTeam "SC Bavaria Regensburg von 1881"]
[BlackTeam "Karlsruher SF 1853"]
[PlyCount "51"]
[WhiteFideId "12971367"]
[BlackFideId "16244745"]
[EventRounds "7"]
[EventType "team-swiss"]
[EventDate "2020.12.29"]

1. e4 {[%emt 0:00:04]} c6 {[%emt 0:00:03]} 2. Nc3 {[%emt 0:00:05]} d5 {[%emt 0:
00:02]} 3. Nf3 {[%emt 0:00:02]} dxe4 {[%emt 0:00:02]} 4. Nxe4 {[%emt 0:00:02]}
Nf6 {[%emt 0:00:01]} 5. Qe2 {[%emt 0:00:03]} Bf5 {[%emt 0:00:22]} 6. Nxf6+ {
[%emt 0:00:36]} gxf6 {[%emt 0:00:04]} 7. d3 {[%emt 0:00:03]} Nd7 {[%emt 0:00:
11]} 8. Nh4 {[%emt 0:00:25]} Bg6 {[%emt 0:00:03]} 9. f4 {[%emt 0:00:09]} f5 {
[%emt 0:00:29]} 10. g3 {[%emt 0:00:48]} Bg7 {[%emt 0:00:17]} 11. Bh3 {[%emt 0:
00:06]} e6 {[%emt 0:00:31]} 12. Rb1 {[%emt 0:00:16]} Qa5+ {[%emt 0:00:15]} 13.
Bd2 {[%emt 0:00:13]} Qxa2 {[%emt 0:00:04]} 14. O-O {[%emt 0:00:06]} Bxb2 {
[%emt 0:00:51]} 15. Nxf5 {[%emt 0:01:27]} Bxf5 {[%emt 0:00:50]} 16. Bxf5 {
[%emt 0:00:05]} Bd4+ {[%emt 0:00:12]} 17. Kh1 {[%emt 0:00:09]} Nb6 {[%emt 0:00:
37]} 18. Bg4 {[%emt 0:01:29]} Qd5+ {[%emt 0:00:11]} 19. Bf3 {[%emt 0:00:09]}
Qd7 {[%emt 0:00:08]} 20. f5 {[%emt 0:00:11]} O-O {[%emt 0:00:10]} 21. Be4 {
[%emt 0:00:09]} Kh8 {[%emt 0:00:46]} 22. f6 {[%emt 0:00:21]} Nd5 {[%emt 0:00:
13]} 23. Qh5 {[%emt 0:00:09]} Nxf6 {[%emt 0:00:49]} 24. Rxf6 {[%emt 0:00:03]}
Kg7 {[%emt 0:00:03]} 25. Qh6+ {[%emt 0:00:07]} Kg8 {[%emt 0:00:04]} 26. Qxh7# {
[%emt 0:00:02]} 1-0

[Event "DSJ Weihnachtsturnier U20w 2020"]
[Site "https://play.chessbase.com/en/play?room=DSJWeihnachtU20w"]
[Date "2020.12.29"]
[Round "1"]
[White "Haug, Mara"]
[Black "Arnhold, Steffi"]
[Result "0-1"]
[Termination "normal"]
[Board "1.3"]
[WhiteElo "1379"]
[BlackElo "2031"]
[WhiteTeam "Karlsruher SF 1853"]
[BlackTeam "SC Bavaria Regensburg von 1881"]
[PlyCount "56"]
[WhiteFideId "16259300"]
[BlackFideId "12931365"]
[EventRounds "7"]
[EventType "team-swiss"]
[EventDate "2020.12.29"]

1. e4 {[%emt 0:00:04]} c5 {[%emt 0:00:02]} 2. Nf3 {[%emt 0:00:02]} e6 {[%emt 0:
00:03]} 3. d4 {[%emt 0:00:05]} cxd4 {[%emt 0:00:00]} 4. Nxd4 {[%emt 0:00:02]}
a6 {[%emt 0:00:02]} 5. Nc3 {[%emt 0:00:06]} Qc7 {[%emt 0:00:01]} 6. Be2 { [%emt
0:00:05]} Nf6 {[%emt 0:00:02]} 7. O-O {[%emt 0:00:16]} d6 {[%emt 0:00:09] } 8.
Be3 {[%emt 0:00:09] Regensb2-003 No Move Regensb2-003 reconnected. Regensb2-003
No Move Regensb2-003 reconnected. Regensb2-003 reconnected.} Nbd7 {[%emt
0:04:12]} 9. f4 {[%emt 0:00:05]} Be7 {[%emt 0:00:02]} 10. Bf3 {[%emt 0: 00:02]}
O-O {[%emt 0:00:06]} 11. Qe2 {[%emt 0:00:10]} Rb8 {[%emt 0:00:02]} 12. Rad1
{[%emt 0:00:03]} b5 {[%emt 0:00:02]} 13. a3 {[%emt 0:00:08]} Bb7 {[%emt 0:
00:04]} 14. Qf2 {[%emt 0:00:35]} Nc5 {[%emt 0:00:06]} 15. e5 {[%emt 0:00:42]}
dxe5 {[%emt 0:00:03]} 16. fxe5 {[%emt 0:00:02]} Qxe5 {[%emt 0:00:02]} 17. Bxb7
{[%emt 0:00:11]} Rxb7 {[%emt 0:00:03]} 18. Bf4 {[%emt 0:00:11]} Qh5 {[%emt 0:
00:03]} 19. Nc6 {[%emt 0:00:28]} Nce4 {[%emt 0:00:42]} 20. Nxe4 {[%emt 0:00:18]
} Nxe4 {[%emt 0:00:00]} 21. Qe3 {[%emt 0:00:11]} Bc5 {[%emt 0:00:03]} 22. Nd4 {
[%emt 0:00:10]} Nf6 {[%emt 0:00:19]} 23. Kh1 {[%emt 0:00:12]} Ng4 {[%emt 0:00:
05]} 24. Qe4 {[%emt 0:00:19]} Rd7 {[%emt 0:00:03]} 25. Nf3 {[%emt 0:00:38]}
Rxd1 {[%emt 0:00:05]} 26. Rxd1 {[%emt 0:00:01]} Nf2+ {[%emt 0:00:01]} 27. Kg1 {
[%emt 0:00:15]} Nxe4+ {[%emt 0:00:00]} 28. Nd4 {[%emt 0:00:04]} Qxd1# {[%emt 0:
00:04]} 0-1

[Event "DSJ Weihnachtsturnier U20w 2020"]
[Site "https://play.chessbase.com/en/play?room=DSJWeihnachtU20w"]
[Date "2020.12.29"]
[Round "1"]
[White "Bashylina, Luisa"]
[Black "Lange, Cecilia"]
[Result "1-0"]
[Termination "normal"]
[Board "2.1"]
[WhiteTitle "WCM"]
[WhiteElo "1978"]
[BlackElo "1965"]
[WhiteTeam "Schachgesellschaft Solingen"]
[BlackTeam "TSG Oberschöneweide"]
[PlyCount "83"]
[WhiteFideId "12983292"]
[BlackFideId "12976040"]
[EventRounds "7"]
[EventType "team-swiss"]
[EventDate "2020.12.29"]

1. e4 {[%emt 0:00:08]} e6 {[%emt 0:00:02]} 2. d4 {[%emt 0:00:02]} d5 {[%emt 0:
00:01]} 3. Nd2 {[%emt 0:00:01]} c5 {[%emt 0:00:04]} 4. exd5 {[%emt 0:00:01]}
exd5 {[%emt 0:00:02]} 5. Ngf3 {[%emt 0:00:02]} Nf6 {[%emt 0:00:13]} 6. Be2 {
[%emt 0:00:04]} Nc6 {[%emt 0:00:04]} 7. O-O {[%emt 0:00:07]} Bd6 {[%emt 0:00:
13]} 8. dxc5 {[%emt 0:00:06]} Bxc5 {[%emt 0:00:02]} 9. Nb3 {[%emt 0:00:04]} Bb6
{[%emt 0:00:01]} 10. c3 {[%emt 0:00:07]} O-O {[%emt 0:00:04]} 11. h3 {[%emt 0:
00:08]} Bf5 {[%emt 0:00:03]} 12. Bg5 {[%emt 0:00:05]} Re8 {[%emt 0:00:14]} 13.
Nbd4 {[%emt 0:00:16]} Bg6 {[%emt 0:00:22]} 14. Bb5 {[%emt 0:00:26]} Qd6 { [%emt
0:00:19]} 15. Re1 {[%emt 0:01:08]} h6 {[%emt 0:00:21]} 16. Be3 {[%emt 0:
00:17]} Re7 {[%emt 0:00:29]} 17. Qa4 {[%emt 0:00:50]} Nxd4 {[%emt 0:01:12]} 18.
Bxd4 {[%emt 0:00:03]} Bxd4 {[%emt 0:00:14]} 19. Qxd4 {[%emt 0:00:17]} a6 {
[%emt 0:00:07]} 20. Rxe7 {[%emt 0:00:32]} Qxe7 {[%emt 0:00:05]} 21. Re1 { [%emt
0:00:02]} Qc7 {[%emt 0:00:44]} 22. Ba4 {[%emt 0:00:26]} Qc4 {[%emt 0:00: 40]}
23. Re7 {[%emt 0:01:06]} b5 {[%emt 0:01:03]} 24. Bb3 {[%emt 0:00:09]} Qxd4
{[%emt 0:00:04]} 25. Nxd4 {[%emt 0:00:00]} Kf8 {[%emt 0:00:11]} 26. Rc7 { [%emt
0:00:32]} Ke8 {[%emt 0:00:22]} 27. Rc5 {[%emt 0:00:28]} Rd8 {[%emt 0:00: 28]}
28. Rc6 {[%emt 0:00:32]} Ra8 {[%emt 0:00:08]} 29. a4 {[%emt 0:00:38]} bxa4
{[%emt 0:00:11]} 30. Bxa4 {[%emt 0:00:00]} Ke7 {[%emt 0:00:13]} 31. Rb6 { [%emt
0:00:23]} Bd3 {[%emt 0:00:15] Obersch1-001 offers a draw} 32. Nc6+ { [%emt
0:00:41]} Kf8 {[%emt 0:00:16]} 33. Rb7 {[%emt 0:00:11]} Re8 {[%emt 0:00: 14]}
34. Nd4 {[%emt 0:00:33]} g5 {[%emt 0:00:17]} 35. Bxe8 {[%emt 0:00:08]} Nxe8
{[%emt 0:00:08]} 36. f3 {[%emt 0:00:04]} Nd6 {[%emt 0:00:13]} 37. Rb6 { [%emt
0:00:10]} Ke7 {[%emt 0:00:02]} 38. Kf2 {[%emt 0:00:04]} Nc4 {[%emt 0:00: 07]}
39. Rxa6 {[%emt 0:00:12]} Nxb2 {[%emt 0:00:12]} 40. Rxh6 {[%emt 0:00:01]} Nd1+
{[%emt 0:00:02]} 41. Ke1 {[%emt 0:00:04]} Nxc3 {[%emt 0:00:01]} 42. Kd2 { [%emt
0:00:01]} 1-0

[Event "DSJ Weihnachtsturnier U20w 2020"]
[Site "https://play.chessbase.com/en/play?room=DSJWeihnachtU20w"]
[Date "2020.12.29"]
[Round "1"]
[White "Lorenz, Veronika"]
[Black "Müdder, Melanie"]
[Result "0-1"]
[Termination "normal"]
[Board "2.2"]
[WhiteElo "1336"]
[BlackElo "1950"]
[WhiteTeam "TSG Oberschöneweide"]
[BlackTeam "Schachgesellschaft Solingen"]
[PlyCount "66"]
[WhiteFideId "16277406"]
[BlackFideId "12994103"]
[EventRounds "7"]
[EventType "team-swiss"]
[EventDate "2020.12.29"]

1. e4 {[%emt 0:00:04]} c5 {[%emt 0:00:02]} 2. Nf3 {[%emt 0:00:11]} Nc6 { [%emt
0:00:02]} 3. d4 {[%emt 0:00:04]} cxd4 {[%emt 0:00:01]} 4. Nxd4 {[%emt 0:
00:03]} e5 {[%emt 0:00:02]} 5. Nf5 {[%emt 0:00:56]} d6 {[%emt 0:00:34]} 6. Nc3
{[%emt 0:00:48]} Nge7 {[%emt 0:00:59]} 7. Nxe7 {[%emt 0:00:05]} Bxe7 {[%emt 0:
00:03]} 8. Bc4 {[%emt 0:00:08]} O-O {[%emt 0:00:09]} 9. O-O {[%emt 0:00:03]}
Bg5 {[%emt 0:00:40]} 10. Bxg5 {[%emt 0:00:21]} Qxg5 {[%emt 0:00:06]} 11. Kh1 {
[%emt 0:00:49]} Nd4 {[%emt 0:00:46]} 12. Nd5 {[%emt 0:00:17]} Bd7 {[%emt 0:00:
44]} 13. c3 {[%emt 0:00:06]} Ne6 {[%emt 0:00:02]} 14. Ne3 {[%emt 0:00:37]} Rad8
{[%emt 0:00:46]} 15. Qb3 {[%emt 0:00:36]} Nc5 {[%emt 0:00:35]} 16. Qa3 { [%emt
0:00:24]} Nxe4 {[%emt 0:00:31]} 17. Qxa7 {[%emt 0:00:07]} Nd2 {[%emt 0: 00:11]}
18. Bd5 {[%emt 0:00:35]} Nxf1 {[%emt 0:00:08]} 19. Rxf1 {[%emt 0:00:03] } Bc6
{[%emt 0:00:16]} 20. Qb6 {[%emt 0:00:39]} Rc8 {[%emt 0:00:37]} 21. Bxc6 { [%emt
0:00:44]} bxc6 {[%emt 0:00:02]} 22. a4 {[%emt 0:00:07]} Qd8 {[%emt 0:00: 09]}
23. Qa6 {[%emt 0:00:29]} Qd7 {[%emt 0:00:12]} 24. Ra1 {[%emt 0:00:13]} Ra8
{[%emt 0:00:07]} 25. Qd3 {[%emt 0:00:05]} d5 {[%emt 0:00:12]} 26. b4 {[%emt 0:
00:14]} Ra7 {[%emt 0:00:18]} 27. Nc2 {[%emt 0:00:09]} Rfa8 {[%emt 0:00:10]} 28.
a5 {[%emt 0:00:02]} c5 {[%emt 0:00:11]} 29. Ne3 {[%emt 0:00:28]} d4 {[%emt 0:
00:14]} 30. Nc4 {[%emt 0:00:05]} Qc7 {[%emt 0:00:26]} 31. h3 {[%emt 0:00:18]}
cxb4 {[%emt 0:00:19]} 32. cxb4 {[%emt 0:00:06]} Rb8 {[%emt 0:00:07]} 33. Qa3 {
[%emt 0:00:24]} Qxc4 {[%emt 0:00:08]} 0-1

[Event "DSJ Weihnachtsturnier U20w 2020"]
[Site "https://play.chessbase.com/en/play?room=DSJWeihnachtU20w"]
[Date "2020.12.29"]
[Round "1"]
[White "Butenandt, Svenja"]
[Black "Fock, Madiha"]
[Result "1-0"]
[Termination "normal"]
[Board "2.3"]
[WhiteElo "2014"]
[BlackElo "1278"]
[WhiteTeam "Schachgesellschaft Solingen"]
[BlackTeam "TSG Oberschöneweide"]
[PlyCount "131"]
[WhiteFideId "12993859"]
[BlackFideId "16253574"]
[EventRounds "7"]
[EventType "team-swiss"]
[EventDate "2020.12.29"]

1. d4 {[%emt 0:00:45]} d5 {[%emt 0:00:19]} 2. c4 {[%emt 0:00:02]} e6 {[%emt 0:
00:02]} 3. Nc3 {[%emt 0:00:02]} Nf6 {[%emt 0:00:02]} 4. cxd5 {[%emt 0:00:02]}
exd5 {[%emt 0:00:02]} 5. Bg5 {[%emt 0:00:02]} Be7 {[%emt 0:00:02]} 6. e3 {
[%emt 0:00:01]} O-O {[%emt 0:00:03]} 7. Bd3 {[%emt 0:00:01]} b6 {[%emt 0:00:09]
} 8. Nge2 {[%emt 0:00:16]} Bb7 {[%emt 0:00:12]} 9. O-O {[%emt 0:00:02]} Nbd7 {
[%emt 0:00:04]} 10. a3 {[%emt 0:00:13]} c5 {[%emt 0:00:07]} 11. dxc5 {[%emt 0:
00:05]} bxc5 {[%emt 0:00:01]} 12. Nf4 {[%emt 0:00:14]} Ne5 {[%emt 0:00:19]} 13.
Bxf6 {[%emt 0:00:32]} Bxf6 {[%emt 0:00:10]} 14. Nfxd5 {[%emt 0:00:16]
Obersch1-003 reconnected.} Bxd5 {[%emt 0:01:05]} 15. Nxd5 {[%emt 0:00:02]} Nxd3
{[%emt 0:00:08]} 16. Qxd3 {[%emt 0:00:14] Obersch1-003 reconnected.} Rb8 {
[%emt 0:00:22]} 17. Nxf6+ {[%emt 0:00:40]} Qxf6 {[%emt 0:00:05]} 18. b3 { [%emt
0:00:10]} Rfd8 {[%emt 0:00:07]} 19. Qc4 {[%emt 0:00:05]} Qb6 {[%emt 0:00: 31]}
20. Rab1 {[%emt 0:00:51]} Rd2 {[%emt 0:01:20]} 21. Rfd1 {[%emt 0:01:21]} Rxd1+
{[%emt 0:00:21]} 22. Rxd1 {[%emt 0:00:03]} h6 {[%emt 0:00:19]} 23. Qc2 { [%emt
0:01:25]} Qxb3 {[%emt 0:00:21]} 24. Rd8+ {[%emt 0:00:05]} Rxd8 {[%emt 0:
00:08]} 25. Qxb3 {[%emt 0:00:01]} Rc8 {[%emt 0:00:04]} 26. g3 {[%emt 0:00:13]}
c4 {[%emt 0:00:02]} 27. Qc3 {[%emt 0:00:02]} Kf8 {[%emt 0:00:03]} 28. Kg2 {
[%emt 0:00:04]} f6 {[%emt 0:00:15]} 29. Qb4+ {[%emt 0:00:20]} Ke8 {[%emt 0:00:
11]} 30. Qb7 {[%emt 0:00:34]} Kd8 {[%emt 0:00:15]} 31. Qxa7 {[%emt 0:00:15]} c3
{[%emt 0:00:04]} 32. Qd4+ {[%emt 0:00:08]} Ke7 {[%emt 0:00:11]} 33. Qe4+ {
[%emt 0:00:05]} Kf8 {[%emt 0:00:08]} 34. Qc2 {[%emt 0:00:02]} Ke7 {[%emt 0:00:
05]} 35. a4 {[%emt 0:00:02]} Rc5 {[%emt 0:00:08]} 36. Kf3 {[%emt 0:00:06]} Kd7
{[%emt 0:00:02]} 37. Ke2 {[%emt 0:00:03]} Kc7 {[%emt 0:00:01]} 38. Kd3 { [%emt
0:00:11]} Kb6 {[%emt 0:00:09]} 39. Qxc3 {[%emt 0:00:06]} Rxc3+ {[%emt 0:
00:04]} 40. Kxc3 {[%emt 0:00:00]} Ka5 {[%emt 0:00:01]} 41. Kb3 {[%emt 0:00:03]}
h5 {[%emt 0:00:07]} 42. h4 {[%emt 0:00:02]} Ka6 {[%emt 0:00:03]} 43. Kb4 {
[%emt 0:00:01]} Kb6 {[%emt 0:00:02]} 44. a5+ {[%emt 0:00:02]} Ka6 {[%emt 0:00:
01]} 45. e4 {[%emt 0:00:10]} g5 {[%emt 0:00:05]} 46. Kc5 {[%emt 0:00:11]} gxh4
{[%emt 0:00:08]} 47. gxh4 {[%emt 0:00:02]} Kxa5 {[%emt 0:00:00]} 48. Kd5 {
[%emt 0:00:01]} Kb6 {[%emt 0:00:01]} 49. Ke6 {[%emt 0:00:01]} Kc7 {[%emt 0:00:
01]} 50. Kxf6 {[%emt 0:00:01]} Kd8 {[%emt 0:00:04]} 51. e5 {[%emt 0:00:01]} Ke8
{[%emt 0:00:01]} 52. f4 {[%emt 0:00:01]} Kf8 {[%emt 0:00:02]} 53. f5 {[%emt 0:
00:01]} Ke8 {[%emt 0:00:01]} 54. e6 {[%emt 0:00:01]} Kf8 {[%emt 0:00:01]} 55.
Ke5 {[%emt 0:00:03]} Ke7 {[%emt 0:00:02]} 56. f6+ {[%emt 0:00:01]} Kf8 { [%emt
0:00:01]} 57. Kd6 {[%emt 0:00:06]} Ke8 {[%emt 0:00:01]} 58. f7+ {[%emt 0:
00:01]} Kf8 {[%emt 0:00:02]} 59. e7+ {[%emt 0:00:06]} Kxf7 {[%emt 0:00:01]} 60.
Kd7 {[%emt 0:00:01]} Kg7 {[%emt 0:00:05]} 61. e8=Q {[%emt 0:00:03]} Kh6 { [%emt
0:00:01]} 62. Qe5 {[%emt 0:00:06]} Kh7 {[%emt 0:00:02]} 63. Qg5 {[%emt 0:
00:01]} Kh8 {[%emt 0:00:01]} 64. Ke7 {[%emt 0:00:00]} Kh7 {[%emt 0:00:01]} 65.
Kf7 {[%emt 0:00:01]} Kh8 {[%emt 0:00:01]} 66. Qg7# {[%emt 0:00:02]} 1-0

[Event "DSJ Weihnachtsturnier U20w 2020"]
[Site "https://play.chessbase.com/en/play?room=DSJWeihnachtU20w"]
[Date "2020.12.29"]
[Round "1"]
[White "Leongardt, Adel"]
[Black "Sereda, Yaroslava"]
[Result "0-1"]
[Termination "time forfeit"]
[Board "2.4"]
[WhiteElo "1157"]
[BlackElo "1750"]
[WhiteTeam "TSG Oberschöneweide"]
[BlackTeam "Schachgesellschaft Solingen"]
[PlyCount "104"]
[WhiteFideId "16256549"]
[BlackFideId "14178940"]
[EventRounds "7"]
[EventType "team-swiss"]
[EventDate "2020.12.29"]

1. e4 {[%emt 0:00:58]} c5 {[%emt 0:00:05] Obersch1-004 reconnected.} 2. Nf3 {
[%emt 0:02:02]} Nc6 {[%emt 0:00:05]} 3. d4 {[%emt 0:00:05]} cxd4 {[%emt 0:00:
02]} 4. Nxd4 {[%emt 0:00:04]} g6 {[%emt 0:00:04]} 5. Nc3 {[%emt 0:00:04]} Bg7 {
[%emt 0:00:04]} 6. Be3 {[%emt 0:00:08]} Nf6 {[%emt 0:00:03]} 7. Bc4 {[%emt 0:
00:08]} Qa5 {[%emt 0:00:59]} 8. Qd3 {[%emt 0:00:28]} Ne5 {[%emt 0:00:22]} 9.
Qe2 {[%emt 0:00:22]} Nxe4 {[%emt 0:00:12]} 10. Nb3 {[%emt 0:01:37]} Nxc3 {
[%emt 0:00:39]} 11. Nxa5 {[%emt 0:00:07]} Nxe2 {[%emt 0:00:07]} 12. Bxe2 {
[%emt 0:00:04]} b6 {[%emt 0:01:22]} 13. Nb3 {[%emt 0:00:08]} Bb7 {[%emt 0:00:
08]} 14. O-O {[%emt 0:00:12]} Rc8 {[%emt 0:00:07]} 15. c3 {[%emt 0:00:09]} O-O
{[%emt 0:00:22]} 16. f4 {[%emt 0:00:14]} Nc4 {[%emt 0:00:09]} 17. Bxc4 { [%emt
0:00:27]} Rxc4 {[%emt 0:00:22]} 18. Rad1 {[%emt 0:00:09]} d6 {[%emt 0:00: 06]}
19. Nd4 {[%emt 0:00:21]} a6 {[%emt 0:00:44]} 20. Rd2 {[%emt 0:00:15]} b5 {
[%emt 0:00:06]} 21. Re1 {[%emt 0:00:07]} Rfc8 {[%emt 0:00:30]} 22. Bf2 { [%emt
0:00:09]} Bf6 {[%emt 0:00:06]} 23. f5 {[%emt 0:00:24]} b4 {[%emt 0:00:15] } 24.
fxg6 {[%emt 0:00:06]} hxg6 {[%emt 0:00:04]} 25. cxb4 {[%emt 0:00:11]} Rc1
{[%emt 0:00:33]} 26. h3 {[%emt 0:00:08]} Bxd4 {[%emt 0:00:37]} 27. Rxd4 { [%emt
0:00:06]} Rxe1+ {[%emt 0:00:01]} 28. Bxe1 {[%emt 0:00:03]} Rc1 {[%emt 0:
00:25]} 29. Kf2 {[%emt 0:00:09]} Rc2+ {[%emt 0:00:03]} 30. Rd2 {[%emt 0:00:03]}
Rc4 {[%emt 0:00:06]} 31. Re2 {[%emt 0:00:08]} e5 {[%emt 0:00:45]} 32. Bc3 {
[%emt 0:00:19]} f6 {[%emt 0:00:14]} 33. Re3 {[%emt 0:00:10]} d5 {[%emt 0:00:08]
} 34. Rg3 {[%emt 0:00:10]} Kf7 {[%emt 0:00:04]} 35. Ke2 {[%emt 0:00:08]} d4 {
[%emt 0:00:06]} 36. Bd2 {[%emt 0:00:03]} Be4 {[%emt 0:00:12]} 37. Ra3 {[%emt 0:
00:11]} Bb7 {[%emt 0:00:13]} 38. Kd3 {[%emt 0:00:04]} Rc7 {[%emt 0:00:08]} 39.
g4 {[%emt 0:00:10]} f5 {[%emt 0:00:05]} 40. gxf5 {[%emt 0:00:03]} gxf5 { [%emt
0:00:01]} 41. h4 {[%emt 0:00:03]} Ke6 {[%emt 0:00:07]} 42. h5 {[%emt 0: 00:04]}
Rd7 {[%emt 0:00:13]} 43. h6 {[%emt 0:00:02]} e4+ {[%emt 0:00:01]} 44. Kc4
{[%emt 0:00:04]} e3 {[%emt 0:00:13]} 45. Bc1 {[%emt 0:00:02]} e2 {[%emt 0:
00:01]} 46. Bd2 {[%emt 0:00:02]} Ke5 {[%emt 0:00:03]} 47. Kd3 {[%emt 0:00:05]}
Bf3 {[%emt 0:00:06]} 48. Kc2 {[%emt 0:00:06]} f4 {[%emt 0:00:01]} 49. Rxf3 {
[%emt 0:00:04]} Rc7+ {[%emt 0:00:03]} 50. Kd3 {[%emt 0:00:04]} Rf7 {[%emt 0:00:
03]} 51. Kxe2 {[%emt 0:00:02]} Re7 {[%emt 0:00:01]} 52. Bxf4+ {[%emt 0:00: 25]}
Kd5+ {[%emt 0:00:02] TimeW} 0-1

[Event "DSJ Weihnachtsturnier U20w 2020"]
[Site "https://play.chessbase.com/en/play?room=DSJWeihnachtU20w"]
[Date "2020.12.29"]
[Round "1"]
[White "Werner, Rosalie"]
[Black "Ciolacu, Alessia-Mihaela"]
[Result "0-1"]
[Termination "normal"]
[Board "3.1"]
[BlackTitle "WFM"]
[WhiteElo "1751"]
[BlackElo "2052"]
[WhiteTeam "VSG 1880 Offenbach"]
[BlackTeam "Schachverein Hemer 1932"]
[PlyCount "92"]
[WhiteFideId "16223748"]
[BlackFideId "1252640"]
[EventRounds "7"]
[EventType "team-swiss"]
[EventDate "2020.12.29"]

1. e4 {[%emt 0:00:03]} e5 {[%emt 0:00:03]} 2. Nf3 {[%emt 0:00:02]} Nc6 { [%emt
0:00:02]} 3. Bc4 {[%emt 0:00:02]} Nf6 {[%emt 0:00:03]} 4. d3 {[%emt 0:00: 04]}
h6 {[%emt 0:00:05]} 5. c3 {[%emt 0:00:03]} d6 {[%emt 0:00:05]} 6. h3 { [%emt
0:00:06]} g6 {[%emt 0:00:02]} 7. Nbd2 {[%emt 0:00:18]} Bg7 {[%emt 0:00: 02]} 8.
Nf1 {[%emt 0:00:02]} O-O {[%emt 0:00:06] Offenba2-001 reconnected.} 9. Bb3
{[%emt 0:00:31]} d5 {[%emt 0:00:17] Offenba2-001 reconnected.} 10. Qe2 { [%emt
0:00:05]} a6 {[%emt 0:00:25]} 11. Ng3 {[%emt 0:00:11] Offenba2-001
reconnected.} Kh8 {[%emt 0:01:19]} 12. O-O {[%emt 0:00:37]} Be6 {[%emt 0:00:06]
} 13. Bc2 {[%emt 0:01:21]} Re8 {[%emt 0:00:48]} 14. Rd1 {[%emt 0:00:18]} Qe7 {
[%emt 0:00:03]} 15. a4 {[%emt 0:01:15]} Rad8 {[%emt 0:00:22]} 16. b3 {[%emt 0:
00:17]} d4 {[%emt 0:00:14]} 17. Ba3 {[%emt 0:00:20]} Qd7 {[%emt 0:00:02]} 18.
c4 {[%emt 0:00:09]} a5 {[%emt 0:00:33]} 19. Qe1 {[%emt 0:00:19]} Nh7 {[%emt 0:
00:11]} 20. Nh4 {[%emt 0:00:27]} Ng5 {[%emt 0:00:14]} 21. Qf1 {[%emt 0:00:41]}
Kh7 {[%emt 0:00:07]} 22. Kh2 {[%emt 0:00:11]} f5 {[%emt 0:00:11]} 23. Re1 {
[%emt 0:00:29]} f4 {[%emt 0:01:13]} 24. Ne2 {[%emt 0:00:20]} Bf6 {[%emt 0:00:
30]} 25. Nf3 {[%emt 0:00:16]} Kg7 {[%emt 0:00:25]} 26. Neg1 {[%emt 0:00:09]}
Nf7 {[%emt 0:00:41]} 27. Bd1 {[%emt 0:00:47]} g5 {[%emt 0:00:03]} 28. Nd2 {
[%emt 0:00:09]} g4 {[%emt 0:00:07]} 29. f3 {[%emt 0:00:20]} Bh4 {[%emt 0:00:17]
} 30. Re2 {[%emt 0:00:04]} Bg3+ {[%emt 0:00:04]} 31. Kh1 {[%emt 0:00:02]} gxh3
{[%emt 0:00:01]} 32. gxh3 {[%emt 0:00:03]} Ng5 {[%emt 0:00:03]} 33. Rh2 { [%emt
0:00:17]} Bh4 {[%emt 0:00:06]} 34. Qg2 {[%emt 0:00:14]} Kh7 {[%emt 0:00: 04]}
35. Be2 {[%emt 0:00:05]} Rg8 {[%emt 0:00:03]} 36. Qf1 {[%emt 0:00:07]} Rg7
{[%emt 0:00:10]} 37. Ra2 {[%emt 0:00:07]} Rdg8 {[%emt 0:00:05]} 38. Ra1 { [%emt
0:00:12]} Bg3 {[%emt 0:00:01]} 39. Bd1 {[%emt 0:00:05]} Bxh2 {[%emt 0:00: 14]}
40. Kxh2 {[%emt 0:00:00]} Nxh3 {[%emt 0:00:18]} 41. Nxh3 {[%emt 0:00:03]} Rg3
{[%emt 0:00:02]} 42. Be2 {[%emt 0:00:03]} Rxh3+ {[%emt 0:00:05]} 43. Qxh3 {
[%emt 0:00:01]} Bxh3 {[%emt 0:00:01]} 44. Rg1 {[%emt 0:00:03]} Rxg1 {[%emt 0:
00:04]} 45. Kxg1 {[%emt 0:00:00]} Qg7+ {[%emt 0:00:02]} 46. Kf2 {[%emt 0:00:02]
} Qg3# {[%emt 0:00:01]} 0-1